Statistiken für Größte Städte Österreichs

Klicken Sie hier um das Quiz zu spielen!

Allgemein

  • Dieses Quiz wurde 4.567 mal gespielt
  • Das Durchschnittsergebnis liegt bei 6 aus 10

Antwortstatistiken

BevölkerungStadt% Korrekt
1'867'582Wien
100%
152'367Salzburg
95%
283'869Graz
84%
132'236Innsbruck
84%
203'012Linz
80%
99'790Klagenfurt
61%
54'213St. Pölten
50%
61'662Villach
40%
60'739Wels
31%
48'775Dornbirn
25%

Verteilung der Resultate

Perzentil nach korrekt beantworteten Fragen

Anzahl Personen mit jedem Resultat

Ihre Resultats-Entwicklung

Sie haben dieses Quiz noch nicht gespielt